Grev (Record no. 2572)

MARC details
000 -BAŞLIK
Sabit Uzunlukta Kontrol Alanı 00663na a2200265 4500
001 - KONTROL NUMARASI
Denetim Alanı 23111
003 - KONTROL NUMARASI IDENTIFIER
Denetim Alanı MIRAKIL
005 - SON İŞLEM TARİHİ VE ZAMANI
Denetim Alanı 20181213154902.0
008 - SABİT-BOY VERİ ELEMANLARI - GENEL BİLGİLER
Sabit Uzunlukta Kontrol Alanı 170712b tu 000 0
020 ## - ULUSLARARASI STANDART KİTAP NUMARASI
Uluslararası Standart Kitap Numarası 9789752893870
035 ## - SİSTEM KONTROL NUMARASI
Sistem Kontrol Numarası 14331
040 ## - KATALOGLAMA KAYNAK
Orijinal Kataloglama Ajansı Milas
Kataloglama Dili tur
Metne Dönüştürmek Ajansı TR-AnCHP
041 ## - DİL KODU
Metin / Ses Parça Veya Ayrı Başlığın Dil Kodu tur
082 ## - DEWEY ONLU SINIFLANDIRMA NUMARASI
Sınıflandırma Numarası 813.42
Ürün Numarası O63g 2007
090 ## - SINIFLAMA NUMARASI
Sınıflama Numarası 813.42 O63g 2007
100 ## - ANA GİRİŞ - KİŞİSEL İSİM
Kişisel Ad Orhan Kemal
245 ## - BAŞLIK TABLOSU
Başlık Grev
Sorumluluk Tablosu, Vb Orhan Kemal
250 ## - EDITION TABLOSU
Baskı Beyanı 5. bs.
260 ## - YAYIN, DAĞITIM, VB
Yayın, Dağıtım, Vb Yeri İstanbul
Yayıncı, Dağıtıcı, Vs Adı Everest yayınları
Yayın, Dağıtım, Vb Tarihi 2007
300 ## - FİZİKSEL TANIM
Kapsam 224 s.
Boyutlar 19 sm.
440 ## - SERİSİ TABLOSU / KATMA GİRİŞİ - BAŞLIK
Başlık Everest Yayınları
Hacim / Ardışık Tanımı 466
490 ## - SERİSİ TABLOSU
Seri Beyanı Türkçe Edebiyat
Hacim / Ardışık Tanımı 124
650 ## - KONU KATMA GİRİŞ - TOPİKAL DÖNEM
Topikal Süreli Veya Coğrafi Ad Giriş Elemanı Türk edebiyatı
Genel Alt Bölümü Roman
942 ## - EKLENDİ GİRİŞ ELEMANLARI (KOHA)
Sınıflandırma Veya Raf Düzeni Kaynak Dewey Decimal Classification
Koha Öğesi Türü Books
999 ## - SİSTEM KONTROL NUMARALARI (KOHA)
Koha Biblionumber 2572
Koha Biblioitemnumber 2572
Holdings
Kalıcı Konum Mevcut Konum Edinme Tarihi Edinim Kaynak Toplam Check-Out'Lar Tam Çağrı Numarası Barkod Tarih Son Görülme İtibaren Geçerli Fiyatlar Koha Öğesi Türü
CHP Kütüphanesi CHP Kütüphanesi 07/12/2017 Bağış   813.42 O63g 2007 017084 07/12/2017 07/12/2017 Books